000 01374cam a2200385 a 4500
001 111657
005 20230410103915.0
008 120608s2012 ctub b 001 0deng
035 _a17338500
010 _a2012021934
020 _a9780300186512
040 _aDLC
_cDLC
_dDLC
_dDLC
041 _aeng
042 _apcc
043 _aa-sy---
050 1 4 _a432 DS 98.6
_bL625s 2012
082 0 0 _a956.9104/2
100 1 _aLesch, David W.
245 1 0 _aSyria :
_bthe fall of the house of Assad /
_cDavid W. Lesch.
260 _aNew Haven, Conn. :
_bYale University Press,
_cc2012.
300 _aix, 275 p. :
_bmap ;
_c25 cm.
504 _aIncludes bibliographical references and index.
505 0 _aThe Hope -- Surviving -- Syria is Different -- No, It's Not -- The Regime Responds -- Opposition Mounts -- The International Response -- All In -- Whither Syria?
651 0 _aSyria
_xPolitics and government
_y2000-
600 1 0 _aAssad, Bashar,
_d1965-
600 1 0 _aAssad, Bashar,
_d1965-
_xPolitical and social views.
650 0 _aPolitical leadership
_zSyria.
651 0 _aSyria
_xHistory
_yProtests, 2011-
650 0 _aProtest movements
_zSyria
_xHistory
_y21st century.
650 0 _aPolitical violence
_zSyria
_xHistory
_y21st century.
651 4 _aSiria
_xHistoria.
651 4 _aSiria
_xPolĂ­tica y gobierno
_y2000-
942 _2lcc
_cbk
946 _almd
999 _c28178
_d28178